• 首页
  • 本馆介绍
  • 公告通知
  • 最新文献
  • 馆藏检索
  • 电子资源
  • 读者导购
  • 参考咨询
  • 我的图书馆
  • 登录
  • 详细信息显示
  • 放入我的书架
  • 预约/预借图书
  • 作者相关作品
  • 分类相关作品
  • 丛书相关作品
  • 出版社相关作品

书目信息

  • 表格格式
  • 工作单格式
  • 卡片格式
题名:
中国历史地图集
    
 
作者: 谭其骧 主编
分册: 第八册   清时期
出版信息: 北京   地图出版社  1982
页数: 1册
开本: 26cm
丛书名:
单 册:
中图分类: K992.6
科图分类:
主题词: 历史地图-地图集--中国 , 地图集-历史地图--中国
电子资源:
ISBN:
000 00639nam0 2200229 45
001 0182000590
005 20061120092604.25
010    @dCNY7.70
100    @a19960320d1982 em y0chiy0121 ea
101 0  @achi
102    @aCN@b110000
105    @ab z 000yy
200 10 @a中国历史地图集@Azhong guo li shi di tu ji@h第八册@i清时期@f谭其骧主编
210    @a北京@c地图出版社@d1982
215    @a1册@d26cm
517 1  @a清时期@Aqing shi qi
606    @a历史地图-地图集@y中国
606    @a地图集-历史地图@y中国
690    @aK992.6@v10:7
701  0 @a谭其骧@Atan qi xiang@4主编
801  0 @aCN@bTSSF@c20061120
905    @a10447@dK992.6@e10:8
    
    中国历史地图集.第八册.清时期/谭其骧主编.-北京:地图出版社,1982
    1册;26cm
    
    
    ISBN :CNY7.70
    
●
相关链接 在E读中查询图书 在五车中查询图书 在当当中查询图书 在豆瓣中查询图书


正题名:中国历史地图集     索取号:K992.6/10:8         预约/预借

序号 登录号 条形码 馆藏地/架位号 状态 备注
1 0227547   000083484   第二样本阅览室/ [索取号:K992.6/10:8] 在馆    
唐山师范学院图书馆 欢迎您!
大连网信软件有限公司© 版权所有